| 000 | 00931aam a2200301 i 4500 | ||
|---|---|---|---|
| 001 | 768714001 | ||
| 003 | CO-MdFUSB | ||
| 005 | 20250505125532.0 | ||
| 007 | ta | ||
| 008 | 250505t1961 enk |||| |||| 00| 0 eng d | ||
| 040 | _cCO-MdFUSB | ||
| 041 | _aeng | ||
| 082 | 0 | 4 |
_223 _a241.042 _bD17c |
| 100 | 1 |
_aD'Arcy, Eric _eautor |
|
| 245 | 1 | 0 |
_aConscience and its right to freedom _c/ Eric D'Arcy |
| 264 | 1 |
_bSheed and Ward, _aLondon, England : _c[1961] |
|
| 264 | 4 | _c©1961 | |
| 300 | _a277 páginas | ||
| 336 |
_atexto _btxt _2rdacontent |
||
| 337 |
_2rdamedia _asin mediación _bn |
||
| 338 |
_2rdacarrier _avolumen _bnc |
||
| 505 | _aLas fuentes históricas - Conciencia de los escolásticos - El problema del contenido - La autoridad de la conciencia - El derecho a la libertad de conciencia | ||
| 563 | _aRústico | ||
| 650 | 7 |
_aÉtica cristiana _9185 |
|
| 942 | _cBK | ||
| 945 | _aJTF-925 | ||
| 999 |
_c46489 _d46489 |
||